Predictive Control Optimalization of an N-Arm Robotic Manipulator: Classical and Quantum Approach

Guardado en:
Detalles Bibliográficos
Autor principal: Jakubčík, Radovan (Autor)
Otros Autores: Slačka, Juraj (Orientador)
Formato: Manuscrito Libro
Lenguaje:eslovaco
inglés
Publicado: Bratislava : STU v Bratislave FEI, 2024
Materias:
Acceso en línea:https://opac.crzp.sk/?fn=detailBiblioFormChildC1AMU2&sid=ACFB8EE4E98483452E4EB106A168&seo=CRZP-detail-kniha
Etiquetas: Agregar Etiqueta
Sin Etiquetas, Sea el primero en etiquetar este registro!

MARC

LEADER 00000ntm a22000003a 4500
001 stuzp96787
003 SK-STU
005 20250401131311.0
007 ta
008 150427s2015----xo-----f-mn---000-0-slo-d
040 |a STU  |b slo 
041 0 |a eng 
044 |a xo 
100 1 |a Jakubčík, Radovan  |u 031000  |4 aut  |U FEI Fakulta elektrotechniky a informatiky  |T FEI Ústav robotiky a kybernetiky  |X 106226  |U E011  |Y 356  |7 106226 
242 0 1 |a Optimalizácia prediktívneho riadenia N-ramenného robotického manipulátora: klasický a kvantový prístup  |y slo 
245 1 0 |a Predictive Control Optimalization of an N-Arm Robotic Manipulator: Classical and Quantum Approach 
260 |a Bratislava :  |b STU v Bratislave FEI,  |c 2024 
300 |a 64 s. 
650 4 |a robotický manipulátor  |2 slo 
650 4 |a teória riadenia  |2 slo 
650 4 |a prediktívne riadenie  |2 slo 
650 4 |a kvantové počítanie  |2 slo 
650 4 |a robotika  |2 slo 
650 4 |a umelá inteligencia  |2 slo 
650 4 |a robotics  |2 eng 
650 4 |a control theory  |2 eng 
650 4 |a data processing theory  |2 eng 
650 4 |a quantum computing  |2 eng 
650 4 |a robotic manipulator  |2 eng 
650 4 |a artificial intelligence  |2 eng 
650 4 |a predictive control  |2 eng 
700 1 |a Slačka, Juraj  |u 031000  |k Z1  |4 ths  |U FEI Fakulta elektrotechniky a informatiky  |T FEI Ústav robotiky a kybernetiky  |X 50837  |U E011  |Y 356  |7 A000050837 
856 4 |u https://opac.crzp.sk/?fn=detailBiblioFormChildC1AMU2&sid=ACFB8EE4E98483452E4EB106A168&seo=CRZP-detail-kniha